000 01228aam a2200289 4500
001 19638
003 CO-MdFUSB
005 20180622072740.0
008 170316t1962 ie ||||f |||| 00| 0 eng d
040 _aCO-MdFUSB
_bspa
_cCO-MdFUSB
_dCO-MdFUSBC
_erda
041 _aeng
082 _224
_aG 220.64
_bM991s
100 1 _aMusurillo, Herbert
_eautor
245 0 0 _aSymbolism and the Christian imagination
_c/ Herbert Musurillo
264 1 _aDublin, Ireland :
_bHelicon Press,
_c℗1962
264 4 _c©1962
300 _a186 páginas
336 _2rdacontent
_a1
_ba1
337 _2rdamedia
_a2
_b5
338 _2rdacarrier
_a2
_b5
501 _aIncluye índice (p. 179-186)
505 0 0 _aLa comunicación y la imaginación cristiana - Las imágenes del Nuevo Testamento - Hermas y los padres apostólicos - El simbolismo del martirio y el ascetismo - La imagen divina en el hombre y la ascensión mística del alma - La catequesis de San Agustín - El crecimiento de poesía cristiana primitiva - El aumento de la poesía monástica - María: Mujer y virgen - La Alta Edad Media - La solución del dilema cristiano
563 _aPasta dura
650 7 _923
_aBiblia y literatura
942 _cBK
999 _c46000
_d46000